MARC

LEADER 00000nam0a2200000 4500
001 250814
005 20231101232611.0
020 |a RU  |b 89-9403 
035 |a (RuTPU)RU\TPU\book\273042 
090 |a 250814 
100 |a 20140217d1988 m y0rusy5003 ca 
101 0 |a rus 
102 |a RU 
105 |a a j 001zy 
200 1 |a Образцовые циклы теплоэнергетических установок и их оптимизация  |f А. И. Андрющенко, А. Б. Дубинин  |g Саратовский политехнический институт (СПИ) 
210 |a Саратов  |c Изд-во СПИ  |d 1988 
215 |a 66,[2] с.  |c ил. 
320 |a Библиогр.: с. 57. 
606 1 |a Теплоэнергетические установки  |x Теплообмен  |2 stltpush  |3 (RuTPU)RU\TPU\subj\59829  |9 77326 
610 1 |a циклы 
610 1 |a оптимизация 
610 1 |a эффективность 
610 1 |a паротурбинные установки 
610 1 |a газотурбинные установки 
610 1 |a учебные пособия 
675 |a 621.1.016.4(075.8)  |z rus 
700 1 |a Андрющенко  |b А. И.  |g Анатолий Иванович  |4 070 
701 1 |a Дубинин  |b А. Б.  |g Александр Борисович  |4 070 
712 0 2 |a Саратовский политехнический институт (СПИ)  |c (1960-1992)  |2 stltpush  |3 (RuTPU)RU\TPU\col\283 
801 0 |a RU  |b RuMRKP  |c 19950417  |g psbo 
801 1 |a RU  |b 63413507  |c 20140217 
801 2 |a RU  |b 63413507  |c 20140227  |g RCR 
942 |c BK